Identification of critical intervention areas for rubber industry in Myanmar using SWOT analysis (Record no. 75743)

MARC details
000 -LEADER
fixed length control field 00753nam a22001697a 4500
100 ## - MAIN ENTRY--AUTHOR NAME
Personal name Thu, K.M.
245 ## - TITLE STATEMENT
Title Identification of critical intervention areas for rubber industry in Myanmar using SWOT analysis
260 ## - PUBLICATION, DISTRIBUTION, ETC. (IMPRINT)
Name of publisher Natural Rubber Industry: Way forward for the Competitiveness and Sustainability: Proceedings of the International Rubber Conference 2019, 30 September- 1st October 2019, International Rubber Research and Development Board and Myanmar Rubber Planters and Producers Association, Nai Pyi Taw, Myanmar, pp. 336-349.
Year of publication 2022
650 ## - SUBJECT ADDED ENTRY--TOPICAL TERM
Topical Term Critical intervention areas
650 ## - SUBJECT ADDED ENTRY--TOPICAL TERM
Topical Term SWOT analysis
700 ## - ADDED ENTRY--PERSONAL NAME
Personal name Myint, T.
700 ## - ADDED ENTRY--PERSONAL NAME
Personal name Myint, T.
700 ## - ADDED ENTRY--PERSONAL NAME
Personal name Phyo, A.
700 ## - ADDED ENTRY--PERSONAL NAME
Personal name Win, K.K.
942 ## - ADDED ENTRY ELEMENTS (KOHA)
Koha item type Articles
Holdings
Withdrawn status Lost status Damaged status Not for loan Home library Current library Date acquired Koha item type
        RRII Library RRII Library 03/11/2025 Articles